|
|
|
|
| LEADER |
01052naa a2200229 i 4500 |
| 001 |
acta76192 |
| 005 |
20221108134839.0 |
| 008 |
220711s2021 hu o 1|| eng d |
| 020 |
|
|
|a 978-963-306-790-1
|
| 040 |
|
|
|a SZTE Egyetemi Kiadványok Repozitórium
|b hun
|
| 041 |
|
|
|a eng
|
| 100 |
1 |
|
|a Farkas Jenő Zsolt
|
| 245 |
1 |
0 |
|a Conflicts and cooperation between national parks and farmers - a case study from Kiskunság National Park
|h [elektronikus dokumentum] /
|c Farkas Jenő Zsolt
|
| 260 |
|
|
|a University of Szeged Faculty of Agriculture
|b Hódmezővásárhely
|c 2021
|
| 300 |
|
|
|a 30
|
| 490 |
0 |
|
|a Wellmann International Scientific Conference
|
| 650 |
|
4 |
|a Mezőgazdaság-tudományok
|
| 650 |
|
4 |
|a Mezőgazdaság, erdészet, halászat
|
| 695 |
|
|
|a Természetvédelmi terület - Kiskunság - előadáskivonat, Mezőgazdaság - előadáskivonat
|
| 700 |
0 |
1 |
|a Kovács András Donát
|e aut
|
| 710 |
|
|
|a Wellmann International Scientific Conference (18.) (2021)
|
| 856 |
4 |
0 |
|u http://acta.bibl.u-szeged.hu/76192/1/wellmann_abstracts_2021_030.pdf
|z Dokumentum-elérés
|